000 01194nam a2200241 i 4500
001 156704
003 ES-MaACL
005 20251015063140.0
008 040805m18571860fr |||| | fre d
040 _aCAM
_bspa
_cCAM
100 1 _aLa Fontaine, Jean de,
_d1621-1695
_969147
245 1 0 _aOeuvres complètes de La Fontaine
_b: publièes d'après les textes originaux /
_caccompagnées de notes et suivies d'un lexique par Ch. Marty-Laveaux.
260 _aParis :
_bP. Jannet libraire,
_c1857-1860 (
_fGuiraudet et Jouaust)
300 _a5 v. ;
_c16 cm.
490 1 _aBibliothèque elzevirienne
505 8 _aContiene: T.II (1857): Contes et nouvelles, Poëmes (463 p.) - T.III (1859): Psyqué, Le songe de vaux, Lettres (447 p.) - T.IV (1860): Théatre (501 p.)
596 _aEl ed. del t.II es P. Jannet y del t.III-IV es Pagnerre libraire. El imp. del t.II Paris, Guiraudet et Jouaust y de los t.III-IV Paris, Charles Jouaust.
598 _aMención de serie tomada del lomo.
700 1 _aMarty-Laveaux, Charles.
_9129596
830 0 _aBibliothèque elzevirienne
_9180979
852 _aES-MaACL
_jG-2300-2302
_z-- Enc. tela
_q-- Sólo t.II-IV
999 _c156704
_d156704